000 00594cam a2200181 i 4500
005 20251108173112.0
008 250721s2007 jo gr 000 0 ara d
082 1 4 _a152.4
_bك ت ا
100 1 _aكتاني، منذر إبراهيم
_eمؤلف.
245 1 0 _aبحوث في ظاهرة القلق /
_cمنذر ابراهيم كتاني.
250 _aالطبعةة الاولى.
264 3 1 _aإربد :
_bدار عمار،
_c2007.
300 _a90 صفحة.
650 1 7 _aعلم النفس الفردي.
650 1 7 _aالقلق.
942 _2ddc
_cBK
999 _c96092
_d96092